000 00894nam a2200289Ia 4500
003 OSt
005 20221005062328.0
006 a|||||r|||| 00| 0
007 ta
008 221004b |||||||| |||| 00| 0 eng d
020 _a9781138790643 (pbk)
_cUKP 25.99
024 _a34967
037 _b21, 13/09/2017, Mallika Books
_cTextual
040 _aCRL
_cCRL
_beng
041 _2eng
_aeng
082 _aS:86, Q5
100 _aMcHenry Bill Au.
_9601723
245 0 _aWhat therapists say and why they say it
_b effective therapeutic responses and techniques
250 _a2nd
260 _aLondon
_bRoutledge UK
_c2015
300 _axi,188p.
_ccm.
650 _a PSYCHOTHERAPY
650 _aPSYCHOLOGY
700 _a McHenry Jim Au.
_9601724
942 _hS:86, Q5
_cTEXL
_2cc
999 _c969550
_d969550